000 00708nam a2200277Ia 4500
005 20260320195711.0
008 008 262003s9999 xx 000 0 hin d
020 _a9788119092215
037 _aEBOOK
040 _aCRL
040 _bhin
040 _cCRL
041 _2hin
041 _ahin
084 _qCRL
100 _aरवीन्द्र नाथ प्रसाद सिंह
_91132846
245 0 _aजीवन दर्शन
250 _a2nd
260 _bRajkamal
260 _c2023
300 _a302
856 _uhttps://ebook.indiaread.in/pdfs/Jeevan_Darshan_by_ravindra_nath_prasad_singh.pdf
942 _cEBOOK
999 _c1716025
_d1716025